000 00486nam a2200169Ia 4500
008 240729s9999 xx 000 0 und d
022 _a2302-5743
245 0 _aInternational Journal of Science and Engineering
260 _aIndonesia
260 _bDiponegoro University
650 _a Science (General)
650 _a Technology (General) | Science
650 _aTechnology
856 _uhttps://doaj.org/toc/81b634143d2d49f09e6cbf3b8da1911b
942 _2ddc
942 _cDOAJEJ
999 _c70817
_d70817
945 _a1
_bMadushi Gamage
_c1
_dMadushi Gamage